australian constitution - Statistics

General Stats
  • This quiz has been taken 7 times
  • The average score is 3 of 6
Answer Stats
Hint Answer % Correct
Which chapter of the Constitution concerns the Parliament? Chapter I
71%
Which chapter of the Constitution concerns the Executive Parliament? Chapter II
71%
Which chapter of the Constitution concerns the states? Chapter V
71%
What is the unification process of Australia known as? The Federation of Australia
57%
What are the 3 things the Australian Constitution limits for the government? Nature, function, limit
29%
What is the full name of the Australian Constitution? Commonwealth of Australia Constitution Act 1900 (UK)
14%
No matching quizzes found
Score Distribution
Percent of People with Each Score
Percentile by Number Answered
Your Score History
You have not taken this quiz